Introducción al antiguo Egipto.

Saved in:
Bibliografiske detaljer
Hovedforfatter: Pérez Largacha, Antonio (autor)
Andre forfattere: Errandonea Rodríguez, Amparo (autora)
Format: Ukendt
Udgivet: Madrid, España: Ediciones Akal, 2016.
Serier:Akal textos,
Fag:
Tags: Tilføj Tag
Ingen Tags, Vær først til at tagge denne postø!

MARC

LEADER 00000 a2200000 4500
003 CL-VaPUC
005 20221107111121.0
008 221018t2016 ||||| |||| 00| 0 eng d
999 |c 438759  |d 438757 
020 |a 978-84-460-3070-6 
040 |c Pontificia Universidad Católica de Valparaíso 
082 |2 22  |a 932 PER 2016  
100 |a Pérez Largacha, Antonio  |9 876722  |e autor 
245 |a Introducción al antiguo Egipto. 
260 |a Madrid, España:   |b Ediciones Akal,  |c 2016. 
300 |a 319 páginas. 
490 |a Akal textos,   |n  42. 
583 |k GC  |c 20221018 
650 0 |9 433926  |a Civilización egipcia   |x Historia antigua  
651 0 |a Egipto   |x Historia   |x Mundo antiguo   |9 268199 
700 |a Errandonea Rodríguez, Amparo  |e autora  |9 877740 
942 |2 ddc  |c BK 
952 |0 0  |1 0  |2 ddc  |4 0  |6 932_000000000000000_PER_2016  |7 0  |8 A  |9 587273  |a BIBHIS  |b BIBHIS  |c GEN  |d 2022-10-13  |e 3  |g 24719.00  |i 5655206  |l 1  |m 1  |o 932 PER 2016  |p 5655206  |r 2025-01-20  |s 2022-11-10  |t 1  |v 24719.00  |w 2022-10-13  |y BK  |k HIS